English in urgent care medicine (Registro nro. 308576)
[ vista simple ]
| 000 -ENCABEZADO | |
|---|---|
| Número de control [NR] | 00969nam a2200313Mi 4500 |
| 001 - NÚMERO DE CONTROL | |
| control field | ocn982100552 |
| 005 - FECHA Y HORA DE LA ÚLTIMA TRANSACCIÓN | |
| control field | 20180312112601.0 |
| 007 - CAMPO DESCRIPCIÓN FÍSICA FIJA - INFORMACIÓN GENERAL | |
| fixed length control field | ta |
| 008 - DE LONGITUD FIJA DE DATOS DE ELEMENTOS - INFORMACIÓN GENERAL | |
| Elementos de longitud fija [NR] | 170306s2015 xr e p 000 0 eng d |
| 015 ## - NUMERO DE BIBLIOGRAFIA NACIONAL [R] | |
| Número de bibliografía nacional [R] | cnb002884021 |
| 020 ## - NUMERO INTERNACIONAL NORMALIZADO PARA LIBROS [R] | |
| Número Internacional Normalizado del libro [NR] | 9788074901430 |
| 020 ## - NUMERO INTERNACIONAL NORMALIZADO PARA LIBROS [R] | |
| ISBN Cancelado/ Invalidado [R] | 8074901432 |
| 035 ## - NUMERO DE CONTROL DEL SISTEMA [R] | |
| Número de control del sistema [NR] | (OCoLC)982100552 |
| 040 ## - FUENTE DE CATALOGACION [NR] | |
| Agencia de catalogación original [NR] | Co-BoUCM |
| Convenciones de la descripción [NR] | spa |
| Quien Cataloga | Saul Niño |
| Quien Clasifica | Saul Niño |
| 041 0# - CODIGO DE IDIOMA [R] | |
| Código de idioma para texto/pista de sonido o título separado [R] | Inglés |
| -- | Checo |
| 100 1# - ASIENTO PRINCIPAL--NOMBRE PERSONAL [NR] | |
| Nombre personal [NR] | Baumruková, Irena |
| Fechas asociadas con el nombre [NR] | 1951- |
| ID Autoridad | 90190 |
| 245 10 - MENCION DE TITULO [NR] | |
| Título [NR] | English in urgent care medicine |
| Mención de responsabilidad, etc. [NR] | Irena Baumruková |
| 246 31 - FORMA VARIANTE DEL TITULO [R] | |
| Título propiamente dicho/forma breve del título [NR] | Angličtina v urgentní medicíně |
| 260 ## - PUBLICACION, DISTRIBUCION, ETC. (PIE DE IMPRENTA) [R] | |
| Lugar de publicación, distribución, etc. [R] | [London] |
| Nombre del editor, distribuidor, etc. [R] | Xlibris |
| Fecha de publicación, distribución, etc. [R] | 2015 |
| 300 ## - DESCRIPCION FISICA [R] | |
| Extensión [R] | 944 páginas |
| 546 ## - NOTA DE IDIOMA [R] | |
| Nota de idioma [NR] | Texto en inglés |
| 650 #7 - ASIENTO SECUNDARIO DE MATERIA - TERMINO TEMATICO [R] | |
| Término temático o nombre geográfico como elemento de entrada [NR] | Medicina de urgencias |
| 9 (RLIN) | 19142 |
| 650 #7 - ASIENTO SECUNDARIO DE MATERIA - TERMINO TEMATICO [R] | |
| Término temático o nombre geográfico como elemento de entrada [NR] | Medicina de emergencias |
| 9 (RLIN) | 19141 |
| 650 #7 - ASIENTO SECUNDARIO DE MATERIA - TERMINO TEMATICO [R] | |
| Término temático o nombre geográfico como elemento de entrada [NR] | Inglés |
| 9 (RLIN) | 7745 |
| 650 #7 - ASIENTO SECUNDARIO DE MATERIA - TERMINO TEMATICO [R] | |
| Término temático o nombre geográfico como elemento de entrada [NR] | Textos de estudio |
| 9 (RLIN) | 8156 |
| 650 #7 - ASIENTO SECUNDARIO DE MATERIA - TERMINO TEMATICO [R] | |
| Término temático o nombre geográfico como elemento de entrada [NR] | Terminología |
| 9 (RLIN) | 25405 |
| Subdivisión general [R] | Medicina |
| 942 ## - ELEMENTOS DE ENTRADA AGREGADOS (KOHA) | |
| Sistema de clasificación | DEWEY |
| Tema principal | Medicina |
| Tipo de ítem principal el descrito en 300a | Libro de reserva |
| Edición | 1 |
| Clasificación | 616.025 |
| Parte restante de la signatura top. | B348e |
| Título oculto en OPAC | No |
| Fecha de último préstamo | Total préstamos | Signatura topográfica | Código de barras | Última vez visto | Ejemplar | Costo de reposición | Price effective from | Tipo de ítem | Nota pública (OPAC) | Perdido | Sistema de clasificación | Dañado | No prestable | Tipo de ítem específico | Suprimido | Ubicación habitual | Ubicación actual | Localización | Fecha de creación | Proveedor | Forma de adquisición | Costo |
|---|---|---|---|---|---|---|---|---|---|---|---|---|---|---|---|---|---|---|---|---|---|---|
| 29/01/2018 | 1 | 616.025 B348e | 100153507 | 12/12/2025 | Ej.1 | 235742.00 | 28/11/2017 | Libro | ASK | DEWEY | Libro | Quinta de Mutis | Quinta de Mutis | 3er piso | 28/11/2017 | 15 | Compra | 235742.00 |